Intervención arquitectónica del Hospital Dr. Carlos Luis Valverde Vega de San Ramón : aproximación biopsicosocial y funcional a partir de la valoración de las instalaciones y necesidades espaciales actuales
Zapisane w:
| 1. autor: | |
|---|---|
| Kolejni autorzy: | |
| Format: | Książka |
| Język: | Spanish |
| Wydane: |
San José, Costa Rica
2018
|
| Hasła przedmiotowe: |
DISEÑO ARQUITECTONICO - ASPECTOS PSICOLOGICOS - ALAJUELA (COSTA RICA)
> SERVICIOS DE SALUD - ASPECTOS PSICOLOGICOS - ALAJUELA (COSTA RICA)
> JARDINES - ALAJUELA (COSTA RICA) - DISEÑOS Y PLANOS
> ESPACIO (ARQUITECTURA) - ASPECTOS PSICOLOGICOS - ALAJUELA (COSTA RICA)
> HOSPITALES - ALAJUELA (COSTA RICA) - DISEÑOS Y PLANOS
|
| Etykiety: |
Dodaj etykietę
Nie ma etykietki, Dołącz pierwszą etykiete!
|
MARC
| LEADER | 00000nam a22000007a 4500 | ||
|---|---|---|---|
| 003 | EA0237 | ||
| 005 | 20230306110758.0 | ||
| 008 | 190702b2018 cr a|||| m||| 00| ||spa d | ||
| 040 | |c cru CEDI | ||
| 100 | |9 17313 |a Campos Varela, Carlos Manuel | ||
| 245 | |a Intervención arquitectónica del Hospital Dr. Carlos Luis Valverde Vega de San Ramón : aproximación biopsicosocial y funcional a partir de la valoración de las instalaciones y necesidades espaciales actuales | ||
| 260 | |a San José, Costa Rica |c 2018 | ||
| 500 | |a Proyecto de graduación (licenciatura en arquitectura)--Universidad de Costa Rica. Facultad de Ingeniería. Escuela de Arquitectura | ||
| 501 | |a Director de Proyecto de Graduación: Lic. Johnny Pérez González (Arq.) | ||
| 610 | |x Hospital Dr. Carlos Luis Valverde Vega de San Ramón | ||
| 650 | |x DISEÑO ARQUITECTONICO - ASPECTOS PSICOLOGICOS - ALAJUELA (COSTA RICA) |x SERVICIOS DE SALUD - ASPECTOS PSICOLOGICOS - ALAJUELA (COSTA RICA) |x JARDINES - ALAJUELA (COSTA RICA) - DISEÑOS Y PLANOS |x ESPACIO (ARQUITECTURA) - ASPECTOS PSICOLOGICOS - ALAJUELA (COSTA RICA) |x HOSPITALES - ALAJUELA (COSTA RICA) - DISEÑOS Y PLANOS |9 17314 | ||
| 700 | |9 93 |a Pérez González, Johnny, 1962- |d Director del TFG | ||
| 942 | |c CEDI |h TFG EA-237 |6 TFG_EA237 | ||
| 999 | |c 21714 |d 21714 | ||
